<?xml version="1.0" encoding="UTF-8"?>
<record
    xmlns:xsi="http://www.w3.org/2001/XMLSchema-instance"
    xsi:schemaLocation="http://www.loc.gov/MARC21/slim http://www.loc.gov/standards/marcxml/schema/MARC21slim.xsd"
    xmlns="http://www.loc.gov/MARC21/slim">

  <leader>00719nam a22001937a 4500</leader>
  <datafield tag="952" ind1=" " ind2=" ">
    <subfield code="0">0</subfield>
    <subfield code="1">0</subfield>
    <subfield code="2">ddc</subfield>
    <subfield code="4">0</subfield>
    <subfield code="7">0</subfield>
    <subfield code="8">NFIC</subfield>
    <subfield code="a">ASL</subfield>
    <subfield code="b">ASL</subfield>
    <subfield code="c">GEN</subfield>
    <subfield code="d">2021-10-20</subfield>
    <subfield code="e">ASB Library Collection</subfield>
    <subfield code="h">U-0454</subfield>
    <subfield code="l">0</subfield>
    <subfield code="o">297.20177 KAS</subfield>
    <subfield code="p">112981</subfield>
    <subfield code="r">2021-10-20 00:00:00</subfield>
    <subfield code="t">C-1</subfield>
    <subfield code="w">2021-10-20</subfield>
    <subfield code="y">BK</subfield>
    <subfield code="z">U-0454:A</subfield>
  </datafield>
  <datafield tag="999" ind1=" " ind2=" ">
    <subfield code="c">26919</subfield>
    <subfield code="d">26919</subfield>
  </datafield>
  <controlfield tag="003">BDDh-ASL</controlfield>
  <controlfield tag="005">20231015030712.0</controlfield>
  <controlfield tag="008">211020s1936    ii ||||| |||| 00| 0 u   d</controlfield>
  <datafield tag="040" ind1=" " ind2=" ">
    <subfield code="a">BDDh-ASL</subfield>
    <subfield code="c">BDDh-ASL</subfield>
  </datafield>
  <datafield tag="082" ind1=" " ind2=" ">
    <subfield code="a">297.20177</subfield>
    <subfield code="b">KAS </subfield>
  </datafield>
  <datafield tag="245" ind1="1" ind2="0">
    <subfield code="a">Kasshaf Fi Tarjama Insaf : / &#x6A9;&#x634;&#x627;&#x641; &#x641;&#x6CC; &#x62A;&#x631;&#x62C;&#x645;&#x6C1; &#x627;&#x646;&#x635;&#x627;&#x641; </subfield>
    <subfield code="b">Al Fauzul Kabir Maa Fathul Khabir (Persian ) : / &#x627;&#x644;&#x641;&#x648;&#x632; &#x627;&#x644;&#x6A9;&#x628;&#x64A;&#x631; &#x645;&#x639; &#x641;&#x62A;&#x62D; &#x627;&#x644;&#x62E;&#x628;&#x64A;&#x631; </subfield>
  </datafield>
  <datafield tag="260" ind1=" " ind2=" ">
    <subfield code="a">Delhi : </subfield>
    <subfield code="a">Delhi :</subfield>
    <subfield code="b">Mujtabai Press , </subfield>
    <subfield code="b">Alimi Press ,</subfield>
    <subfield code="c">1936. </subfield>
  </datafield>
  <datafield tag="300" ind1=" " ind2=" ">
    <subfield code="a">96, 72 p. : </subfield>
    <subfield code="c">24 cm. </subfield>
  </datafield>
  <datafield tag="505" ind1=" " ind2=" ">
    <subfield code="a">Two different books combined in one</subfield>
  </datafield>
  <datafield tag="650" ind1=" " ind2="0">
    <subfield code="9">4096</subfield>
    <subfield code="a">Theology</subfield>
    <subfield code="x">Islam </subfield>
  </datafield>
  <datafield tag="650" ind1=" " ind2="0">
    <subfield code="9">1854</subfield>
    <subfield code="a">Quran</subfield>
  </datafield>
  <datafield tag="700" ind1="1" ind2=" ">
    <subfield code="9">5254</subfield>
    <subfield code="a">Siddiqi, Maulavi Mohammad Ahsan </subfield>
  </datafield>
  <datafield tag="942" ind1=" " ind2=" ">
    <subfield code="2">ddc</subfield>
    <subfield code="c">BK</subfield>
  </datafield>
</record>
